Normal view
MARC view
Entry Personal Name
001 - CONTROL NUMBER
- control field: 6717
003 - CONTROL NUMBER IDENTIFIER
- control field: OSt
005 - DATE AND TIME OF LATEST TRANSACTION
- control field: 20211105132812.0
008 - FIXED-LENGTH DATA ELEMENTS
- fixed length control field: 211105|| aca||aabn | a|a d
040 ## - CATALOGING SOURCE
- Original cataloging agency: OSt
- Transcribing agency: OSt
100 ## - HEADING--PERSONAL NAME
- Personal name: Vadedekamp, J and Siebert, M
670 ## - SOURCE DATA FOUND
- Source citation: Work cat.: (OSt): Vadedekamp, J and Siebert, M, Geomagnetic data 1966 indices K and C I.A.G.A Bulletin No. 1241, 1969